| 000 | 00563nam a22001937a 4500 | ||
|---|---|---|---|
| 003 | SISC | ||
| 005 | 20170119141217.0 | ||
| 008 | 141106b xxu||||| |||| 00| 0 eng d | ||
| 020 | _a9780273787020 | ||
| 050 |
_aHD 31 _b.R588 2014 |
||
| 100 | _aRobbins, Stephen P. | ||
| 245 |
_aManagement / _cStephen P. Robbins. |
||
| 250 |
_a12th edition. _bGlobal edition. |
||
| 260 |
_aFrenchs Forest NSW : _bPearson, _c2014. |
||
| 300 |
_a720 pages : _bcolor illustrations ; _c26 cm. |
||
| 521 | _aBusiness Administration | ||
| 650 | _aManagement. | ||
| 942 |
_2lcc _cBK _kFOR |
||
| 999 |
_c276712 _d276712 |
||